[Event "Sparkassen-Open A"]
[Site "Heusenstamm, Martinsee"]
[Date "2019.11.21"]
[Round "1.50"]
[White "Bittner, Peter"]
[Black "Zhou, David"]
[Result "1/2-1/2"]
[WhiteElo "1870"]
[BlackElo "2141"]
[PlyCount "48"]
[EventDate "2019.??.??"]
[WhiteTeam "SC Nied"]
[BlackTeam "Quebec"]

1. d4 f5 2. Nc3 Nf6 3. g3 d5 4. Bg2 e6 5. Nf3 Be7 6. O-O O-O 7. Ne5 c5 8. dxc5
Na6 9. c6 b6 10. Nb5 Nc7 11. a4 a6 12. Nd4 Ng4 13. f4 Nxe5 14. fxe5 g5 15. e3
a5 16. Bd2 Ba6 17. Rf2 g4 18. Bf1 Bxf1 19. Qxf1 Rf7 20. Rc1 Bf8 21. Bc3 Bg7 22.
Nb5 Bf8 23. Bd4 Na6 24. c7 Qd7 1/2-1/2

[Event "Sparkassen-Open A"]
[Site "Heusenstamm, Martinsee"]
[Date "2019.11.21"]
[Round "1.51"]
[White "van der Valk, Niklas"]
[Black "Halabi, Ibrahim"]
[Result "1/2-1/2"]
[WhiteElo "2133"]
[BlackElo "1869"]
[PlyCount "102"]
[EventDate "2019.??.??"]
[WhiteTeam "SG Trier"]
[BlackTeam "SK Frankenthal"]

1. c4 e6 2. Nf3 Nf6 3. g3 d5 4. Bg2 Be7 5. O-O O-O 6. d4 c6 7. Nc3 Nbd7 8. Qd3
b6 9. e4 Bb7 10. Rd1 Rc8 11. b3 c5 12. exd5 exd5 13. Qf1 dxc4 14. d5 Bd6 15.
bxc4 Ne5 16. Bb2 a6 17. a4 Re8 18. Rab1 Rc7 19. Nxe5 Bxe5 20. Qd3 Rce7 21. Ne2
Qd6 22. Bxe5 Rxe5 23. Nc3 Bc8 24. Qd2 Bf5 25. Rbc1 Ne4 26. Nxe4 Bxe4 27. Qf4
Bf5 28. h4 Qd7 29. Kh2 Qxa4 30. Ra1 Qc2 31. Rd2 Qc3 32. Rxa6 Bd7 33. g4 h6 34.
Raa2 Qc1 35. Rac2 Qe1 36. Qg3 Re2 37. Rxe2 Rxe2 38. Rxe2 Qxe2 39. d6 Qxc4 40.
g5 hxg5 41. Qxg5 Qe6 42. Qd8+ Kh7 43. Qxb6 Qe5+ 44. Kg1 Qe1+ 45. Bf1 Qb4 46.
Qc7 Qg4+ 47. Bg2 c4 48. h5 Qd1+ 49. Bf1 Qg4+ 50. Bg2 Be6 51. Qc5 Qd1+ 1/2-1/2

[Event "Sparkassen-Open A"]
[Site "Heusenstamm, Martinsee"]
[Date "2019.11.21"]
[Round "1.52"]
[White "Bäumer, Frank"]
[Black "Kather, Yannick"]
[Result "1/2-1/2"]
[WhiteElo "1865"]
[BlackElo "2137"]
[PlyCount "52"]
[EventDate "2019.??.??"]
[WhiteTeam "Gambit Gusenburg"]
[BlackTeam "SW Lichtenrade"]

1. e4 c5 2. Nf3 Nc6 3. c4 g6 4. d4 cxd4 5. Nxd4 Nf6 6. Nc3 d6 7. Be2 Nxd4 8.
Qxd4 Bg7 9. Be3 O-O 10. Qd2 Qa5 11. f3 Be6 12. Rc1 Rfc8 13. Nd5 Qxd2+ 14. Kxd2
Kf8 15. Rc2 Bxd5 16. cxd5 Rxc2+ 17. Kxc2 Nd7 18. Rc1 Rc8+ 19. Kb1 Rxc1+ 20.
Kxc1 b6 21. Kc2 h5 22. Bb5 Ke8 23. a4 Kd8 24. Bxd7 Kxd7 25. b4 e6 26. Kd3 Be5
1/2-1/2

[Event "Sparkassen-Open A"]
[Site "Heusenstamm, Martinsee"]
[Date "2019.11.21"]
[Round "1.53"]
[White "Lesny, Florian"]
[Black "Poschadel, Andreas Gregor"]
[Result "1-0"]
[WhiteElo "2138"]
[BlackElo "1849"]
[PlyCount "45"]
[EventDate "2019.??.??"]
[WhiteTeam "SK Niederbrechen"]
[BlackTeam "Hamelner SV"]

1. e4 c5 2. Nf3 Nc6 3. d4 cxd4 4. Nxd4 e5 5. Nb5 a6 6. Nd6+ Bxd6 7. Qxd6 Qf6 8.
Qd1 Qg6 9. Nc3 d5 10. Nxd5 Qxe4+ 11. Be2 Nd4 12. Nc7+ Ke7 13. f3 Nxc2+ 14. Kf1
Qc6 15. Nxa8 Nxa1 16. Bd3 b5 17. Be3 Qxa8 18. Be4 Qb8 19. Bc5+ Ke6 20. Qd5+ Kf6
21. Qd8+ Ke6 22. g4 Bd7 23. Qxb8 1-0

[Event "Sparkassen-Open A"]
[Site "Heusenstamm, Martinsee"]
[Date "2019.11.21"]
[Round "1.54"]
[White "Eg, Karlheinz"]
[Black "Steinle, Carsten"]
[Result "0-1"]
[WhiteElo "1861"]
[BlackElo "2137"]
[PlyCount "62"]
[EventDate "2019.??.??"]
[WhiteTeam "SV Rüsselsheim"]
[BlackTeam "SV Ahlen"]

1. e4 e6 2. d4 d5 3. exd5 exd5 4. c4 Nf6 5. Nc3 Be7 6. Nf3 O-O 7. Bd3 c6 8. Ne5
Be6 9. c5 b6 10. b4 a5 11. Na4 Nfd7 12. f4 Nxe5 13. dxe5 bxc5 14. bxc5 f5 15.
exf6 Bxf6 16. Qh5 g6 17. Bxg6 Qe7 18. Qxh7+ Qxh7 19. Bxh7+ Kxh7 20. Rb1 Nd7 21.
O-O Rab8 22. Bd2 Bf5 23. Rbc1 Rb5 24. Rfe1 Be4 25. g4 Bd4+ 26. Kf1 Ne5 27. Nc3
Bd3+ 28. Kg2 Rb2 29. fxe5 Rxd2+ 30. Kg3 Bf2+ 31. Kh3 Bxe1 0-1

[Event "Sparkassen-Open A"]
[Site "Heusenstamm, Martinsee"]
[Date "2019.11.21"]
[Round "1.55"]
[White "Spilles, Matthias"]
[Black "Walbrecht, Quirin"]
[Result "1-0"]
[WhiteElo "2074"]
[BlackElo "1856"]
[PlyCount "71"]
[EventDate "2019.??.??"]
[WhiteTeam "Brühler SK"]
[BlackTeam "FC Bayern München"]

1. e4 c5 2. d4 cxd4 3. c3 dxc3 4. Nxc3 Nc6 5. Nf3 e6 6. Bc4 Nge7 7. O-O Ng6 8.
Qe2 Be7 9. Rd1 a6 10. Be3 b5 11. Bb3 O-O 12. a4 b4 13. Nb1 Bb7 14. Nbd2 Na5 15.
Bc2 Rc8 16. Bd3 Bf6 17. Rab1 Rc6 18. Nd4 Bxd4 19. Bxd4 e5 20. Be3 Qf6 21. g3
Rfc8 22. h4 h6 23. f3 R8c7 24. b3 Nf8 25. Nc4 Nxc4 26. Bxc4 Ne6 27. Kg2 Qe7 28.
Qf2 d6 29. Bb6 Rd7 30. a5 Nc5 31. Ra1 Rc8 32. Rd2 Kh8 33. Rad1 Ne6 34. Qe2 Ra8
35. Rd3 Kh7 36. Qd2 1-0

[Event "Sparkassen-Open A"]
[Site "Heusenstamm, Martinsee"]
[Date "2019.11.21"]
[Round "1.56"]
[White "Altenbernd, Dirk"]
[Black "Eckert, Marius"]
[Result "0-1"]
[WhiteElo "1836"]
[BlackElo "2086"]
[PlyCount "68"]
[EventDate "2019.??.??"]
[WhiteTeam "SK Tönsberg Oerlinghausen"]
[BlackTeam "SV Waltrop"]

1. c4 e5 2. g3 Nc6 3. Bg2 Bc5 4. Nc3 f5 5. e3 Nf6 6. Nge2 d6 7. a3 a5 8. Rb1 e4
9. d4 exd3 10. Qxd3 O-O 11. Qc2 Ne5 12. b3 Qe8 13. Nf4 c6 14. h4 Nfg4 15. O-O
h6 16. h5 Nf6 17. Qe2 Neg4 18. b4 Ba7 19. Rd1 Nxh5 20. Nxh5 Qxh5 21. Rxd6 axb4
22. axb4 Bb8 23. Rd1 Be6 24. Bb2 Qf7 25. Rd4 Be5 26. Rxg4 fxg4 27. c5 Bc4 28.
Qc2 Bd3 29. Qxd3 Qxf2+ 30. Kh1 Qxg3 31. Bd5+ cxd5 32. Qxd5+ Kh8 33. Qg2 Qxe3
34. Nd5 Qd3 0-1

[Event "Sparkassen-Open A"]
[Site "Heusenstamm, Martinsee"]
[Date "2019.11.21"]
[Round "1.57"]
[White "Chandler, Patrick"]
[Black "Launert, Martin"]
[Result "1-0"]
[WhiteElo "2124"]
[BlackElo "1853"]
[PlyCount "49"]
[EventDate "2019.??.??"]
[WhiteTeam "SC Nied"]
[BlackTeam "Sfr. Erbach"]

1. b4 e5 2. Bb2 d6 3. e3 Nf6 4. c4 g6 5. Nc3 Bg7 6. Nf3 Nc6 7. a3 O-O 8. Qc2
Ne7 9. d3 c6 10. Be2 Bd7 11. O-O Qc7 12. Rac1 a6 13. Rfd1 Rac8 14. c5 Bg4 15.
d4 exd4 16. Nxd4 d5 17. h3 Bxe2 18. Ndxe2 Nd7 19. e4 dxe4 20. Nxe4 Nd5 21. N2c3
Nxc3 22. Bxc3 Bxc3 23. Qxc3 Qe5 24. Qxe5 Nxe5 25. f4 1-0

[Event "Sparkassen-Open A"]
[Site "Heusenstamm, Martinsee"]
[Date "2019.11.21"]
[Round "1.58"]
[White "Feicht, Arno"]
[Black "Gramb, Marius"]
[Result "1/2-1/2"]
[WhiteElo "1851"]
[BlackElo "2120"]
[PlyCount "96"]
[EventDate "2019.??.??"]
[WhiteTeam "SV Alsfeld"]
[BlackTeam "Brühler SK"]

1. e4 c6 2. d4 d5 3. e5 c5 4. c4 cxd4 5. Nf3 Nc6 6. Nxd4 dxc4 7. Nxc6 Qxd1+ 8.
Kxd1 bxc6 9. Bxc4 Bf5 10. Be3 e6 11. Nd2 Bb4 12. Rc1 Rd8 13. Ke2 Ba5 14. Ba6
Ne7 15. Rhd1 Bxd2 16. Rxd2 Rxd2+ 17. Bxd2 Be4 18. Bb4 Bxg2 19. f3 Kd7 20. Bxe7
Kxe7 21. Rxc6 Rd8 22. Rc7+ Rd7 23. Rxd7+ Kxd7 24. Bd3 Bh3 25. Kf2 h6 26. Kg3
Bf5 27. Bxf5 exf5 28. h4 Ke6 29. Kf4 a5 30. b3 g6 31. a3 Kd5 32. b4 axb4 33.
axb4 Kc4 34. h5 gxh5 35. Kxf5 Kxb4 36. f4 Kc5 37. e6 fxe6+ 38. Kxe6 h4 39. f5
h3 40. f6 h2 41. f7 h1=Q 42. f8=Q+ Kd4 43. Qb4+ Ke3 44. Qc3+ Kf2 45. Qd4+ Kg3
46. Qg7+ Kf2 47. Qd4+ Kg3 48. Qg7+ Kf2 1/2-1/2

[Event "Sparkassen-Open A"]
[Site "Heusenstamm, Martinsee"]
[Date "2019.11.21"]
[Round "1.59"]
[White "Weise, Martin"]
[Black "Marchese, Gaspare"]
[Result "1-0"]
[WhiteElo "2118"]
[BlackElo "1851"]
[PlyCount "41"]
[EventDate "2019.??.??"]
[WhiteTeam "SC Fulda"]
[BlackTeam "SC Matt im Park"]

1. e4 e6 2. Nf3 d5 3. Nc3 Nf6 4. e5 Nfd7 5. d4 c5 6. Bg5 Qa5 7. dxc5 Nc6 8. Bb5
Bxc5 9. a3 Qc7 10. Bf4 Nb6 11. O-O Be7 12. Re1 h6 13. Bd3 a6 14. a4 Qd8 15. Ne2
Nb4 16. Ng3 Nxd3 17. cxd3 g5 18. Bd2 Nd7 19. Nh5 b6 20. Nd4 Bb7 21. Ng7+ 1-0

[Event "Sparkassen-Open A"]
[Site "Heusenstamm, Martinsee"]
[Date "2019.11.21"]
[Round "1.60"]
[White "Rieger, Mario"]
[Black "Englert, Jon"]
[Result "0-1"]
[WhiteElo "1849"]
[BlackElo "2117"]
[PlyCount "66"]
[EventDate "2019.??.??"]
[WhiteTeam "MS Halver-Schalksmühle"]
[BlackTeam "TV-Großostheim"]

1. d4 Nf6 2. Nf3 g6 3. c4 Bg7 4. Nc3 d5 5. cxd5 Nxd5 6. e4 Nxc3 7. bxc3 c5 8.
Bb2 O-O 9. Bc4 Bg4 10. Be2 cxd4 11. cxd4 Nc6 12. e5 Qa5+ 13. Qd2 Qxd2+ 14. Nxd2
Bxe2 15. Kxe2 Rfd8 16. Nf3 Rd5 17. a4 Bh6 18. Rhd1 Rc8 19. Bc1 Bf8 20. Be3 e6
21. Rac1 Bb4 22. Rc4 Ra5 23. Nd2 Rxa4 24. Ne4 Ra2+ 25. Kf1 Kg7 26. d5 exd5 27.
Rxd5 Ra1+ 28. Ke2 Re1+ 29. Kd3 Rd1+ 30. Bd2 Bxd2 31. Nxd2 Nxe5+ 32. Rxe5 Rxc4
33. Kxc4 Rxd2 0-1

[Event "Sparkassen-Open A"]
[Site "Heusenstamm, Martinsee"]
[Date "2019.11.21"]
[Round "1.61"]
[White "Neurohr, Jürgen"]
[Black "Schmieder, Stefan"]
[Result "1/2-1/2"]
[WhiteElo "2111"]
[BlackElo "1847"]
[PlyCount "138"]
[EventDate "2019.??.??"]
[WhiteTeam "SF Mainz"]
[BlackTeam "vereinslos"]

1. d4 d5 2. c4 c6 3. Nf3 Nf6 4. Nc3 e6 5. Bg5 Nbd7 6. cxd5 exd5 7. e3 Be7 8.
Qc2 Nf8 9. Bd3 Ne6 10. Bh4 g6 11. O-O Ng7 12. Rab1 Bf5 13. b4 Bxd3 14. Qxd3 a6
15. a4 O-O 16. Rb3 Nf5 17. Bxf6 Bxf6 18. b5 axb5 19. axb5 Nd6 20. bxc6 bxc6 21.
Nd2 Re8 22. Rc1 Qd7 23. h3 Ra5 24. Rb6 Rea8 25. Ncb1 Bd8 26. Rbxc6 Nc4 27. Rc5
Rxc5 28. dxc5 Qc6 29. Nxc4 Qxc5 30. Qc3 Qxc4 31. Qxc4 dxc4 32. Rxc4 Ra1 33. Rc1
h5 34. Rf1 Ba5 35. Nd2 Rxf1+ 36. Nxf1 Kg7 37. g3 Kh6 38. Kg2 Kg5 39. f4+ Kf5
40. Kf3 Ke6 41. Ke4 f5+ 42. Kd3 Kd5 43. Nd2 Ke6 44. Ke2 Bd8 45. Nf3 Bf6 46. Kd3
Bd8 47. Kc4 Be7 48. Nd4+ Kd6 49. Nb5+ Ke6 50. Nc7+ Kd6 51. Nb5+ Ke6 52. Nd4+
Kd6 53. Nf3 Ke6 54. Kd4 Bd8 55. Kc5 Be7+ 56. Kc6 Bb4 57. Nd4+ Kf6 58. Nc2 Ba5
59. Kd5 Bc3 60. e4 fxe4 61. Ne3 Be1 62. g4 hxg4 63. hxg4 Bc3 64. Kxe4 Ke6 65.
Nc4 Kf6 66. g5+ Kg7 67. f5 Bf6 68. fxg6 Kxg6 69. gxf6 Kxf6 1/2-1/2

[Event "Sparkassen-Open A"]
[Site "Heusenstamm, Martinsee"]
[Date "2019.11.21"]
[Round "1.62"]
[White "Albert, Ingo"]
[Black "Villwock, Martin"]
[Result "0-1"]
[WhiteElo "1840"]
[BlackElo "2110"]
[PlyCount "88"]
[EventDate "2019.??.??"]
[WhiteTeam "vereinslos/Wiesbaden"]
[BlackTeam "SF Essen-Katernberg"]

1. b3 c5 2. Bb2 Nc6 3. Nf3 d6 4. e3 e5 5. d4 cxd4 6. exd4 e4 7. Nfd2 f5 8. d5
Ne5 9. Bb5+ Bd7 10. Bxd7+ Qxd7 11. Na3 Nf6 12. Ndc4 Be7 13. Qd4 O-O 14. Nxe5
dxe5 15. Qxe5 Bb4+ 16. c3 Rae8 17. Qd4 Bd6 18. O-O-O b5 19. Kb1 a6 20. c4 Qe7
21. Nc2 Bc5 22. Qd2 bxc4 23. bxc4 Rb8 24. Ka1 Ng4 25. Nd4 Ne5 26. Qc2 Ba3 27.
Bxa3 Qxa3 28. Nb3 Nxc4 29. Qxc4 Rfc8 30. Qxc8+ Rxc8 31. Rc1 Rxc1+ 32. Rxc1 Qd6
33. Rd1 Kf7 34. Na5 Qc5 35. Nb3 Qc3+ 36. Kb1 Ke7 37. d6+ Kd7 38. Rd2 f4 39. Rd5
Qe1+ 40. Kb2 Qxf2+ 41. Ka3 Qb6 42. Nc5+ Kc6 43. d7 Kxd5 44. Nb7 e3 0-1

[Event "Sparkassen-Open A"]
[Site "Heusenstamm, Martinsee"]
[Date "2019.11.21"]
[Round "1.63"]
[White "Seewi, Joram"]
[Black "Faber, Lutz"]
[Result "1-0"]
[WhiteElo "2108"]
[BlackElo "1839"]
[PlyCount "57"]
[EventDate "2019.??.??"]
[WhiteTeam "SG Kalker/Deutzer"]
[BlackTeam "Zwickauer SC"]

1. d4 g6 2. c4 Bg7 3. Nc3 d6 4. Nf3 Nd7 5. e4 c6 6. Be2 Qc7 7. Be3 e5 8. O-O
Ne7 9. dxe5 dxe5 10. c5 f5 11. Ng5 Nf6 12. Qb3 Rf8 13. Bc4 f4 14. Bf7+ Kd8 15.
Rad1+ Ned5 16. Bc1 Rxf7 17. Nxf7+ Qxf7 18. exd5 Ke8 19. dxc6 Qxb3 20. axb3 bxc6
21. Rfe1 Nh5 22. Ne4 Ke7 23. Bd2 Bf5 24. Ra1 Kd7 25. Bc3 h6 26. f3 g5 27. Nd6
Ke6 28. Nxf5 Kxf5 29. Ra6 1-0

[Event "Sparkassen-Open A"]
[Site "Heusenstamm, Martinsee"]
[Date "2019.11.21"]
[Round "1.64"]
[White "Mehlen, Theodor"]
[Black "Rondonuwu, Grover"]
[Result "1/2-1/2"]
[WhiteElo "1839"]
[BlackElo "2106"]
[PlyCount "181"]
[EventDate "2019.??.??"]
[WhiteTeam "SC Matt im Park"]
[BlackTeam "Frankfurter TV"]

1. e4 c5 2. Nc3 g6 3. f4 Bg7 4. Nf3 e6 5. Be2 Nc6 6. O-O Nge7 7. d3 O-O 8. Qe1
Nd4 9. Bd1 Nec6 10. Ne2 d6 11. Nexd4 Nxd4 12. c3 Nc6 13. Be3 Bd7 14. Qf2 Rc8
15. Bc2 b5 16. d4 cxd4 17. Nxd4 b4 18. Nb5 bxc3 19. bxc3 Nb4 20. Nxd6 Nxc2 21.
Qxc2 Rxc3 22. Qf2 Ba4 23. e5 Rc2 24. Qe1 f6 25. Rf2 fxe5 26. Rxc2 Bxc2 27. Bc5
Rxf4 28. Rc1 Ba4 29. Ba3 Qb6+ 30. Bc5 Qa6 31. Qd2 Bc6 32. Be3 Rf8 33. Bc5 Bd5
34. a3 Rd8 35. Ne4 Rc8 36. Qe3 Qc6 37. Nd6 Qd7 38. h3 Rc6 39. Nb5 a6 40. Na7
Rc7 41. Rb1 Rb7 42. Rf1 Rb2 43. Rf2 Rxf2 44. Qxf2 Bb7 45. Qe3 Qd5 46. Qf2 h5
47. Be3 Bf6 48. Qc2 Kh7 49. Nc8 Qc6 50. Qxc6 Bxc6 51. Nb6 g5 52. Kf2 h4 53. Bc5
Kg6 54. Nc4 Bd5 55. Ne3 e4 56. Bb6 Be5 57. a4 Kf7 58. a5 Ke8 59. Ng4 Bf4 60.
Ne3 Kd7 61. Nc2 Kd6 62. Ne3 Kc6 63. Nf1 Kb5 64. Ne3 Kb4 65. Ke2 Bc4+ 66. Kd2
Bd3 67. Bd8 Bf1 68. Ke1 Bxe3 69. Kxf1 Kc4 70. Ke2 Bf4 71. Bb6 Kd5 72. Bd8 Ke5
73. Bb6 Kf5 74. Bd8 Be5 75. Bb6 Bc3 76. Bc7 Bd4 77. g4+ hxg3 78. Bxg3 e5 79.
Be1 Kf4 80. Bd2+ Kg3 81. Bxg5 Kxh3 82. Bd8 Kg4 83. Be7 Kf5 84. Bb4 Ke6 85. Bd2
Kd5 86. Bg5 Kc4 87. Bd8 Kb5 88. Bc7 Bc3 89. Ke3 Bxa5 90. Bxe5 Kc4 91. Kxe4
1/2-1/2

[Event "Sparkassen-Open A"]
[Site "Heusenstamm, Martinsee"]
[Date "2019.11.21"]
[Round "1.65"]
[White "Hinrichs, Niklas"]
[Black "Wimmer, Thomas"]
[Result "1-0"]
[WhiteElo "2105"]
[BlackElo "1836"]
[PlyCount "51"]
[EventDate "2019.??.??"]
[WhiteTeam "SK Bingen"]
[BlackTeam "SK Marburg"]

1. d4 Nf6 2. c4 g6 3. Nc3 Bg7 4. e4 d6 5. f3 O-O 6. Be3 c5 7. Nge2 cxd4 8. Nxd4
Nc6 9. Qd2 Nxd4 10. Bxd4 h6 11. Be2 Be6 12. O-O Rc8 13. b3 Re8 14. Rfd1 Nd7 15.
Rac1 Bxd4+ 16. Qxd4 Qb6 17. Qxb6 Nxb6 18. f4 f5 19. Bf3 Rc5 20. exf5 Rxf5 21.
Bxb7 a5 22. g3 a4 23. Bc6 Rc8 24. Bxa4 Nxa4 25. Nxa4 Ra5 26. Re1 1-0

[Event "Sparkassen-Open A"]
[Site "Heusenstamm, Martinsee"]
[Date "2019.11.21"]
[Round "1.66"]
[White "Schellen, Sven"]
[Black "Hinrichs, Paul"]
[Result "1/2-1/2"]
[WhiteElo "1835"]
[BlackElo "2104"]
[PlyCount "73"]
[EventDate "2019.??.??"]
[WhiteTeam "SV Frankfurt Nord"]
[BlackTeam "SK Bingen"]

1. d4 d5 2. c4 c6 3. Nf3 Nf6 4. g3 dxc4 5. Bg2 e6 6. O-O b5 7. a4 Qb6 8. b3
cxb3 9. Qxb3 bxa4 10. Qxa4 Ba6 11. Re1 Bb5 12. Qb3 Nbd7 13. e4 c5 14. Nc3 Bc6
15. Rb1 cxd4 16. Qxb6 axb6 17. Nxd4 Rc8 18. Nd5 e5 19. Nb5 Bc5 20. Na7 Bxd5 21.
Nxc8 Bb7 22. Na7 Ng4 23. Rf1 Ndf6 24. h3 Nxf2 25. Rxf2 Nxe4 26. Bxe4 Bxe4 27.
Rb3 Bxf2+ 28. Kxf2 Kd7 29. Be3 Ra8 30. Bxb6 Rb8 31. Rb4 Bf5 32. g4 Be6 33. h4
Bxg4 34. Rxg4 Rxb6 35. Rxg7 Rf6+ 36. Ke3 Rh6 37. Rxf7+ 1/2-1/2

[Event "Sparkassen-Open A"]
[Site "Heusenstamm, Martinsee"]
[Date "2019.11.21"]
[Round "1.67"]
[White "Surányi, Pál"]
[Black "Huck, Robert"]
[Result "1-0"]
[WhiteElo "2102"]
[BlackElo "1832"]
[PlyCount "67"]
[EventDate "2019.??.??"]
[WhiteTeam "SC Remagen-Sinzig"]
[BlackTeam "SC Königsspringer Alzenau"]

1. d4 Nf6 2. Nf3 d6 3. g3 Nbd7 4. Bg2 e5 5. c4 Be7 6. Nc3 c6 7. e4 O-O 8. O-O
Qc7 9. b3 a6 10. h3 b5 11. Re1 Bb7 12. Be3 Rad8 13. Qc2 b4 14. Na4 c5 15. d5
Nb6 16. Nb2 Bc8 17. Kh2 Nh5 18. Qe2 g6 19. Nd2 Ng7 20. f4 f5 21. fxe5 dxe5 22.
Bh6 f4 23. gxf4 Bh4 24. Rf1 Nh5 25. Bxf8 Ng3 26. Qe3 Rxf8 27. Nd3 Nxf1+ 28.
Rxf1 exf4 29. Qxc5 Qd8 30. Rxf4 Rxf4 31. Nxf4 Qg5 32. Qe3 Nd7 33. Nf1 Ne5 34.
Ne2 1-0

[Event "Sparkassen-Open A"]
[Site "Heusenstamm, Martinsee"]
[Date "2019.11.21"]
[Round "1.68"]
[White "Thomele, Michael"]
[Black "Reitz, Philipp"]
[Result "0-1"]
[WhiteElo "1832"]
[BlackElo "2088"]
[PlyCount "48"]
[EventDate "2019.??.??"]
[WhiteTeam "SC Obernau"]
[BlackTeam "VfR-SC Koblenz"]

1. e4 c5 2. Nf3 e6 3. d4 cxd4 4. Nxd4 Nc6 5. Nb3 Nf6 6. f3 d5 7. exd5 Nxd5 8.
Qe2 Bd6 9. g3 a5 10. c4 a4 11. N3d2 Nd4 12. Qe4 Nb4 13. Na3 f5 14. Qb1 Qg5 15.
Ne4 Nxf3+ 16. Kd1 Qe7 17. Nxd6+ Qxd6+ 18. Ke2 Nd4+ 19. Kf2 O-O 20. Bg2 f4 21.
g4 Qc5 22. Kf1 Nbc2 23. Nxc2 Qxc4+ 24. Kg1 Nxc2 0-1

[Event "Sparkassen-Open A"]
[Site "Heusenstamm, Martinsee"]
[Date "2019.11.21"]
[Round "1.69"]
[White "Heindrich, Mark"]
[Black "Kosak, Matjaz"]
[Result "1/2-1/2"]
[WhiteElo "2096"]
[BlackElo "1791"]
[PlyCount "105"]
[EventDate "2019.??.??"]
[WhiteTeam "TuS Dotzheim"]
[BlackTeam "SV Frankfurt Nord"]

1. e4 Nc6 2. Nf3 f5 3. d3 d6 4. c3 e5 5. g3 fxe4 6. dxe4 Nf6 7. Qc2 Bg4 8. Bg2
Qd7 9. h3 Be6 10. Nbd2 O-O-O 11. Ng5 Bg8 12. h4 Kb8 13. Nf1 h6 14. Nh3 d5 15.
Be3 dxe4 16. Nd2 Qg4 17. Ng1 Bh7 18. Qa4 Nd5 19. Nc4 Nxe3 20. Nxe3 Qg6 21. h5
Qf7 22. Bxe4 Bxe4 23. Qxe4 Bc5 24. Qc4 Qxc4 25. Nxc4 e4 26. a4 Rhf8 27. Nh3 a6
28. Nf4 Rf6 29. Ke2 b5 30. axb5 axb5 31. Ne3 Ne5 32. Rhd1 Nd3 33. b4 Nxf4+ 34.
gxf4 Rxd1 35. Rxd1 Bd6 36. f5 Kc8 37. Rg1 Rf7 38. Rg4 Re7 39. Nc2 c5 40. Rg6
Be5 41. Rc6+ Rc7 42. Rb6 Bxc3 43. Rxb5 cxb4 44. Nxb4 Bxb4 45. Rxb4 Rc5 46. Rxe4
Rxf5 47. Rg4 Rf7 48. Ke3 Kd7 49. Ke4 Ke6 50. Rg6+ Ke7 51. f4 Kf8 52. Ra6 Kg8
53. Ra5 1/2-1/2

[Event "Sparkassen-Open A"]
[Site "Heusenstamm, Martinsee"]
[Date "2019.11.21"]
[Round "1.70"]
[White "Kemper, Yannick"]
[Black "Köllner, Aaron Noah"]
[Result "0-1"]
[WhiteElo "1808"]
[BlackElo "2094"]
[PlyCount "96"]
[EventDate "2019.??.??"]
[WhiteTeam "SK Ludwigshafen"]
[BlackTeam "SV Bergneustadt/Derschlag"]

1. e4 c5 2. Nf3 e6 3. d4 cxd4 4. Nxd4 Nc6 5. Nc3 Qc7 6. Be3 a6 7. Bd3 b5 8.
Nxc6 Qxc6 9. O-O Bb7 10. a4 b4 11. Ne2 Nf6 12. Nd4 Qc7 13. f3 Bd6 14. g3 Bxg3
15. hxg3 Qxg3+ 16. Kh1 Nxe4 17. Qe1 Qh3+ 18. Kg1 Ng3 19. Qd2 Qh1+ 20. Kf2 Qh2+
21. Ke1 Nxf1 22. Bxf1 Qxd2+ 23. Kxd2 f6 24. f4 Kf7 25. Nb3 d6 26. Re1 Bc6 27.
a5 e5 28. fxe5 fxe5 29. Bc4+ d5 30. Be2 h5 31. Rf1+ Ke6 32. Bc5 Bb5 33. Bxb5
axb5 34. Rg1 Rh7 35. a6 h4 36. a7 h3 37. Na5 h2 38. Rh1 g5 39. Nc6 d4 40. Nxb4
g4 41. Nd3 g3 42. Ne1 Rf7 43. c3 Kd5 44. cxd4 exd4 45. Bb6 Rf6 46. Bc7 Rf2+ 47.
Kc1 Rxa7 48. Bxg3 Ra1# 0-1

[Event "Sparkassen-Open A"]
[Site "Heusenstamm, Martinsee"]
[Date "2019.11.21"]
[Round "1.71"]
[White "Köllner, Christof"]
[Black "Körbel, Ekkehard"]
[Result "1-0"]
[WhiteElo "2088"]
[BlackElo "1827"]
[PlyCount "55"]
[EventDate "2019.??.??"]
[WhiteTeam "SV Bergneustadt/Derschlag"]
[BlackTeam "SK Geisenheim"]

1. d4 f5 2. Nc3 Nf6 3. Bg5 d5 4. Bxf6 exf6 5. e3 Be6 6. Qf3 Qd7 7. Bd3 Nc6 8.
a3 O-O-O 9. Nge2 g5 10. Ng3 f4 11. exf4 Nxd4 12. Qe3 Bc5 13. Qd2 h5 14. O-O-O
h4 15. Nge2 h3 16. Nxd4 Bxd4 17. Bb5 c6 18. Qxd4 hxg2 19. Rhg1 cxb5 20. Qxa7
Qc6 21. Qa8+ Kc7 22. Qa5+ Kb8 23. Nxb5 gxf4 24. Rxg2 Qc5 25. b4 Qc6 26. Rg7 Qa6
27. Qc7+ Ka8 28. Qxd8+ 1-0

[Event "Sparkassen-Open A"]
[Site "Heusenstamm, Martinsee"]
[Date "2019.11.21"]
[Round "1.72"]
[White "Björknes, Uwe"]
[Black "Sandten, Ulrich"]
[Result "0-1"]
[WhiteElo "1825"]
[BlackElo "2086"]
[PlyCount "80"]
[EventDate "2019.??.??"]
[WhiteTeam "SK Bad Homburg"]
[BlackTeam "VSG Offenbach"]

1. e4 e6 2. c4 d5 3. cxd5 exd5 4. exd5 Nf6 5. Nf3 Be7 6. Bb5+ Nbd7 7. Nc3 O-O
8. O-O Nb6 9. d4 Nbxd5 10. Re1 Bg4 11. h3 Bh5 12. Qe2 c6 13. Bc4 Re8 14. Bg5
Bb4 15. Qxe8+ Qxe8 16. Rxe8+ Rxe8 17. g4 Bg6 18. Bxf6 Nxf6 19. Ne5 Rd8 20. f4
Rxd4 21. f5 Bd6 22. fxg6 Bxe5 23. gxf7+ Kf8 24. Bb3 Nd5 25. Re1 Bf6 26. Bxd5
cxd5 27. Nb5 Rd2 28. Nd6 Be7 29. Nxb7 Kxf7 30. Rf1+ Ke6 31. Rf2 Rd1+ 32. Kg2
Re1 33. Na5 Bc5 34. Rc2 Bb6 35. b4 Ke5 36. Nc6+ Ke4 37. b5 d4 38. Kf2 Rb1 39.
Re2+ Kf4 40. Kg2 d3 0-1

[Event "Sparkassen-Open A"]
[Site "Heusenstamm, Martinsee"]
[Date "2019.11.21"]
[Round "1.73"]
[White "Bakiev, Diyor"]
[Black "Viol, Julius"]
[Result "1-0"]
[WhiteElo "2084"]
[BlackElo "1782"]
[PlyCount "113"]
[EventDate "2019.??.??"]
[WhiteTeam "Wiesbadener SV"]
[BlackTeam "FC Bierstadt"]

1. e4 c5 2. c3 d5 3. exd5 Nf6 4. d4 cxd4 5. cxd4 Nxd5 6. Nf3 Bg4 7. Be2 e6 8.
O-O Be7 9. Nc3 O-O 10. Qb3 Nxc3 11. bxc3 Qc7 12. h3 Bh5 13. Qb5 Bg6 14. Ne5 Be4
15. Bd3 Bxd3 16. Qxd3 Nd7 17. f4 f6 18. Nxd7 Qxd7 19. Be3 Rfd8 20. Rad1 Rac8
21. c4 a6 22. Qb3 b5 23. cxb5 axb5 24. f5 Qd5 25. fxe6 Rc6 26. Rfe1 Rxe6 27.
Bf2 Qxb3 28. axb3 Rxe1+ 29. Rxe1 Kf7 30. Rc1 Rd5 31. Rc7 h5 32. Kf1 Ke6 33. Ke2
g6 34. Kd3 Rg5 35. Be3 Rxg2 36. d5+ Kxd5 37. Rxe7 Rg3 38. Rb7 Rxh3 39. Rxb5+
Ke6 40. Rb6+ Ke5 41. Rb5+ Ke6 42. Rb8 g5 43. b4 f5 44. Ke2 f4 45. Bg1 Rb3 46.
b5 f3+ 47. Kf2 g4 48. Kg3 Rb2 49. b6 Rg2+ 50. Kh4 Kd7 51. Rb7+ Kc8 52. Rc7+ Kb8
53. Be3 Rb2 54. Rf7 Rb5 55. Kg3 Rb2 56. Bf4+ Kc8 57. Rc7+ 1-0

[Event "Sparkassen-Open A"]
[Site "Heusenstamm, Martinsee"]
[Date "2019.11.21"]
[Round "1.74"]
[White "Westendorp, Christian"]
[Black "Scheitz, Michael"]
[Result "0-1"]
[WhiteElo "1821"]
[BlackElo "2082"]
[PlyCount "100"]
[EventDate "2019.??.??"]
[WhiteTeam "SK Holsterhausen"]
[BlackTeam "Wiesbadener SV"]

1. d4 d5 2. c4 e6 3. Nf3 Nf6 4. Bg5 Be7 5. e3 h6 6. Bh4 O-O 7. Nbd2 b6 8. Be2
Bb7 9. O-O Nbd7 10. Rc1 c5 11. dxc5 bxc5 12. Qb3 Bc6 13. Rfd1 Rb8 14. Qc2 Qb6
15. Bg3 Rb7 16. Ne5 Nxe5 17. Bxe5 Nd7 18. cxd5 Bxd5 19. Bc3 Bxa2 20. Ra1 Bd5
21. e4 Bc6 22. Nc4 Qc7 23. e5 Bd5 24. Na5 Rbb8 25. Bc4 Ba8 26. Qe2 Rfd8 27. Bd3
Nb6 28. Be4 Nd5 29. Bd2 Rxb2 30. Qh5 Nf4 31. Bxf4 Bxe4 32. Nc4 Rxd1+ 33. Rxd1
Rb1 34. Rxb1 Bxb1 35. Nd6 Bg6 36. Qf3 c4 37. Qa8+ Kh7 38. Qe8 f6 39. Nf7 Bf8
40. Qxf8 Qxf7 41. Qc5 fxe5 42. Bxe5 Bd3 43. Bd4 Qb7 44. h3 a6 45. Qe5 Qd7 46.
Bc3 Qf7 47. Qa5 Qg6 48. Qxa6 Be4 49. g3 Qh5 50. f4 Qd1+ 0-1

[Event "Sparkassen-Open A"]
[Site "Heusenstamm, Martinsee"]
[Date "2019.11.21"]
[Round "1.75"]
[White "Iliev, Mustafa Batuhan"]
[Black "Lutterbach, Jakob"]
[Result "1-0"]
[WhiteElo "2017"]
[BlackElo "1707"]
[PlyCount "39"]
[EventDate "2019.??.??"]
[WhiteTeam "SV Großauheim"]
[BlackTeam "SK Bingen"]

1. e4 c6 2. d4 d5 3. e5 Bf5 4. h4 h5 5. Bd3 Bxd3 6. Qxd3 e6 7. Bg5 Qb6 8. Nd2
c5 9. c4 Qxb2 10. Rd1 Nc6 11. Ngf3 Nb4 12. Qe2 Nc2+ 13. Kf1 Nxd4 14. Nxd4 Qxd4
15. cxd5 Qxd5 16. Rh3 Qc6 17. Nc4 Qa6 18. Ra3 Qc6 19. Rxa7 Rb8 20. Na5 1-0